Los jóvenes y el futuro: y después de la escuela... qué?, programa de orientación para la transición al mundo adulto, ideas y actividades
Furkejuvvon:
| Váldodahkki: | |
|---|---|
| Materiálatiipa: | Girji |
| Giella: | espánnjágiella |
| Almmustuhtton: |
Buenos Aires
Psicoteca
2002
|
| Preanttus: | 1a. ed |
| Fáttát: | |
| Fáddágilkorat: |
Lasit fáddágilkoriid
Eai fáddágilkorat, Lasit vuosttaš fáddágilkora!
|
MARC
| LEADER | 00000nam a2200000 a 4500 | ||
|---|---|---|---|
| 001 | UCK1732 | ||
| 003 | CL-VaPUC | ||
| 008 | 041126e20020300AG |||||||||||||||||spa|d | ||
| 020 | |a 9879152093 | ||
| 082 | 0 | 4 | |a 371.4 |b RAS |2 21 |
| 100 | 0 | |a Rascovan, Sergio |e author |9 489576 | |
| 245 | 1 | 4 | |a Los jóvenes y el futuro: y después de la escuela... qué?, programa de orientación para la transición al mundo adulto, ideas y actividades |
| 250 | |a 1a. ed | ||
| 300 | |a 266 p | ||
| 942 | |c BK | ||
| 945 | |d 20041126 00:00:00 |a vberengu | ||
| 260 | |a Buenos Aires |b Psicoteca |c 2002 | ||
| 650 | 0 | |a Psicología educacional |9 307830 | |
| 650 | 0 | |a Adolescencia |9 307361 | |
| 650 | 7 | |a ORIENTACION EDUCACIONAL |2 CL-VaPUC |9 312512 | |
| 650 | 0 | |a Orientación vocacional |9 255692 | |
| 583 | |a last modification |c 20041126 00:00:00 |k Rodrigo Vera | ||
| 999 | |c 311546 |d 311544 | ||
| 952 | |0 0 |1 0 |4 0 |6 371_400000000000000_RAS_2002 |7 0 |8 A |9 380996 |a BIBEDU |b BIBEDU |d 2019-11-21 |i 408182K |o 371.4 RAS 2002 |p 408182K |r 2019-11-21 |w 2019-11-21 |y BK |k EBA | ||